| 000 | 00390nam a2200145Ia 4500 | ||
|---|---|---|---|
| 008 | 150201s2001 xx 000 0 und d | ||
| 082 |
_a617.6 _bD2001S |
||
| 100 | _aGOWRI SHANKAR | ||
| 245 | _aMCQS IN CLINICAL DENTISTRY FOR PG DENTAL ENTRANCE TEST | ||
| 250 | _a2ND | ||
| 260 |
_bPARAS PUBLISHING _aHYDERABAD _c2001 |
||
| 300 | _a1-897 | ||
| 650 | _aGENERAL DENTISTRY | ||
| 942 |
_2ddc _cBK _01 |
||
| 999 |
_c2807 _d2807 |
||